00963nam a2200253 i 450000100060000000300090000600500170001500700030003200800410003502000180007608000240009408000180011810000320013624500620016825000120023026000330024230000300027550001590030565000480046465000360051285200220054899900170057095201220058767372ES-MaACL20230906170044.0t|040520s2003 sp ||||1| spa d a84-96044-14-9 a821.134.2-293.8"19" a654.197-053.21 aAlba Rico, Santiago.91920611a¡Viva el mal! ¡Viva el capital! / cSantiago Alba Rico. a3ª ed. aBarcelona : bVirus, c2003. a155 p. : bil. ; c21 cm. aRecoge 12 guiones del espacio televisivo "Los Electroduendes" emitidos en el programa "La Bola de Cristal" de TVE de octubre de 1984 a septiembre de 1988.14aTelevisión-xProgramas infantiles.917449 aTelevisión y niños.9166178 aES-MaACLjL-27580 c67372d67372 00104070aATENEOMbATENEOMcDEPO2d2008-01-17eSCl0oL-27580p1070550r2023-02-23 00:00:00w2023-02-23yMONOGRAFIA